LEADER 01239nam a2200313 a 4500 001 000000166908 003 CaOOAMICUS 005 20180409113949.0 008 180409s1995 it ab u000 u ita r 020 $a88-04-40185-0* 032 $aLibriCat 040 $aPUL$bita 041 1 $aita$heng 100 1 $aBurn, Lucilla.$0(OLS)http://pul/name/107652 240 10$aGreek myths.$lItaliano.$0(OLS)http://pul/title/206692 245 10$aMiti greci /$cLucilla Burn ; traduzione di Claudio Lamparelli. 260 $aMilano :$bA. Mondadori,$c©1995. 300 $a133 p. :$bc. geogr., ill. ;$c17 cm. 490 1 $aOscar Piccoli saggi ;$v73 650 4$aMitologia greca.$0(OLS)http://pul/subject/4400 700 1 $aLamparelli, Claudio.$0(OLS)http://pul/name/37743 830 0$aPiccoli saggi (A. Mondadori) ;$v73.$0(OLS)http://pul/title/71113 850 $aPUL 852 $aPUL$W1$xDP1 Fondo Dalla Palma$y117$m1 C 69$j34461$qFondi$B194436$CPULBib$Z2$F194436 $HDal761 $81 941 1 $a1 996 $6020$a88-04-40185-0*$9(OLS)http://pul/number/163758 996 $6245$aMiti greci$9(OLS)http://pul/title/206691 996 $6260$aMilano :$bA. Mondadori$9(OLS)http://pul/publisher/48249 LEADER 01368naa a2200301 a 4500 001 000000124635 003 CaOOAMICUS 005 20220412175911.0 008 110310s2010 gw a u000 u ger r 020 $a978-3-451-30400-2 (v. 1-14) 032 $aLibriCat 040 $aPUL$bita 041 1 $ager$hfre 082 04$a270 130 0 $aHistoire du christianisme des origines à nos jours.$lTedesco.$0(OLS)http://pul/title/157109 245 14$aDas Entstehen der einen Christenheit (250-430) /$chrsg. von Luce Pietri ; Deutsche Ausgabe bearb. von: Thomas Böhm ... [et al.]. 250 $aSonderausgabe. 260 $aFreiburg im Breisgau :$bHerder & Co.,$c2010. 300 $aXXVIII, 1108 p. :$bill. ;$c24 cm. 650 4$aChiesa$xStoria$xStudi.$0(OLS)http://pul/subject/28557 700 1 $aPietri, Luce.$0(OLS)http://pul/name/34392 700 1 $aBöhm, Thomas H.,$d1965-$0(OLS)http://pul/name/59761 774 0 $tGeschichte des Christentums.$bSonderausgabe.$dFreiburg im Breisgau : Herder & Co., 2010.$w()124629 996 $6020$a978-3-451-30400-2 (v. 1-14)$9(OLS)http://pul/number/146636 996 $6082$a270$9(OLS)http://pul/classification/472 996 $6245$aDas Entstehen der einen Christenheit (250-430)$9(OLS)http://pul/title/157110 996 $6260$aFreiburg im Breisgau :$bHerder & Co.$9(OLS)http://pul/publisher/51627